000 00669nam a2200253Ia 4500
003 OSt
005 20221005093239.0
006 a|||||r|||| 00| 0
007 ta
008 221004b |||||||| |||| 00| 0 eng d
020 _a39470584X (pbk)
024 _a120861
037 _bGift, 10/08/2012,
_cTextual
040 _aCRL
_cCRL
_beng
041 _2eng
_aeng
082 _aX:89, K9
100 _aJacobs Jane
_9283737
245 0 _aEconomy of cities
260 _aNew York
_bVintage Books USA
_c1969
300 _a268p.
_ccm.
650 _aECONOMICS
942 _hX:89, K9
_cTEXL
_2cc
999 _c1000059
_d1000059